• 首页
  • 本馆介绍
  • 公告通知
  • 最新文献
  • 馆藏检索
  • 电子资源
  • 读者导购
  • 参考咨询
  • 我的图书馆
  • 登录
  • 详细信息显示
  • 放入我的书架
  • 预约/预借图书
  • 作者相关作品
  • 分类相关作品
  • 丛书相关作品
  • 出版社相关作品

书目信息

  • 表格格式
  • 工作单格式
  • 卡片格式
书名: Dictionary of business & scientific terms
作者: compiled by David F. Tver.
分册号:
分册名:
出版地: Houston, Tex. :
 
出版社: Gulf Pub. Co
出版时间: [1968].
页数: xi, 528 p. ;
开本: 24 cm.
丛书名:
中图分类号:
科图分类号:
其他分类号: H316
主题词:
电子资源:
000 00848nam 2200265I1 4504
001 E0760475233
005 20070302165021.89
008 700802s1968 txu d 00010 engm
010    @a68006988
040    @aDLC@cDLC@dCWR@dm.c
050 00 @aQ123@b.T85 1968
082    @a503
090    @aN42/W14
090    @aH316
099    @dH316@ex101:2
100 1  @aTver, David F.
245 10 @aDictionary of business & scientific terms / @ccompiled by David F. Tver.
250    @a2d ed.
260 0  @aHouston, Tex. :@bGulf Pub. Co.,@c[1968].
300    @axi, 528 p. ;@c24 cm.
500    @aThird ed. published in 1974 under title: The Gulf Publishing Company dictionary of business and science.
650  0 @aBusiness@xTerminology.
650  0 @aTechnology@xDictionaries.
650  0 @aScience@xDictionaries.
920    @a232010@z2
    
    Dictionary of business & scientific terms / / compiled by David F. Tver.-2d ed.-Houston, Tex. : : Gulf Pub. Co., , [1968].
    xi, 528 p. ; ; 24 cm.
    Third ed. published in 1974 under title: The Gulf Publishing Company dictionary of business and science.
    
    ISBN
    
●
相关链接 在E读中查询图书 在五车中查询图书 在当当中查询图书 在豆瓣中查询图书


正题名:Dictionary of business & scientific terms     索取号:H316/x101:2         预约/预借

序号 登录号 条形码 馆藏地/架位号 状态 备注
1 49289   001435290   密集书库/ [索取号:H316/x101:2] 在馆    
唐山师范学院图书馆 欢迎您!
大连网信软件有限公司© 版权所有